000 00200nam a2200085Ia 4500
008 170617s9999 xx 000 0 und d
100 _aTiwari - Urwashi K
245 0 _aHospital and clinical
260 _bP.V books
260 _c2014
999 _c15591
_d15591